Statistics for Count as High as you Can in Binary - One Minute Sprint

Click here to take the quiz!

General Stats

  • This quiz has been taken 489 times
  • The average score is 29 of 70

Answer Stats

#% Correct
1
100%
10
93%
11
90%
101
87%
100
86%
110
85%
111
85%
1000
83%
1001
82%
1010
82%
1011
81%
1100
80%
1101
79%
1110
78%
1111
77%
10000
75%
10001
73%
10010
73%
10011
72%
10100
70%
10101
69%
10110
69%
10111
67%
11000
64%
11001
62%
11010
61%
11011
59%
11100
56%
11101
54%
11110
51%
11111
49%
100000
45%
100001
40%
100010
36%
100011
32%
100100
30%
100101
28%
100110
27%
100111
23%
101000
22%
101001
19%
101010
18%
101011
17%
101100
15%
101101
14%
101110
12%
101111
11%
110000
11%
110001
10%
110010
10%
110011
10%
110100
9%
110101
9%
110110
9%
110111
9%
111000
9%
111001
9%
111010
9%
111011
9%
1000000
8%
1000001
8%
1000010
8%
1000011
8%
1000100
8%
1000101
8%
1000110
8%
111100
8%
111101
8%
111110
8%
111111
8%

Score Distribution

Percentile by Number Answered

Percent of People with Each Score

Your Score History

You have not taken this quiz